000 00840nam a2200265 a 4500
001 47372
003 BD-RjUL
005 20211209054313.0
008 050427s1919 enk s 001 0 eng d
035 _a(BD-RjUL)47491
040 _aGMOML
_cGMOML
_beng
_dBD-RjUL
041 _aeng
082 _223
_a347.41077
_bARL 1919
100 1 _aArnold, F. O.
_q(Frederick Octavius)
_9144131
245 1 4 _aThe law of damages and compensation /
_cby F.O. Arnold.
250 _a2nd ed.
260 _aLondon :
_bButterworth,
_c1919.
300 _alxxxvi, 354, 53 p. ;
_c26 cm.
500 _aIncludes index.
500 _aReproduction of original from Harvard Law School Library.
650 0 _aDamages
_zGreat Britain.
_9142094
650 0 _aCompensation (Law)
_zGreat Britain.
_9144132
830 0 _aMaking of modern law.
_9144135
942 _2ddc
_cBK
999 _c47372
_d47372